Statystyki dla 15 krajów o największej liczbie zgonów Covid19 - 5 stycznia 2022

Kliknij tutaj aby rozwiązać quiz!

Ogólne statystyki

  • Ten quiz został rozwiązany 19 razy
  • Średni wynik to 13 z 27

Statystyki odpowiedzi

kraj% Poprawnych
Polska
100%
Rosja
92%
Niemcy
85%
Stany Zjednoczone
85%
Wielka Brytania
77%
Francja
62%
Włochy
62%
Indie
54%
Argentyna
46%
Brazylia
46%
Bułgaria
38%
Czechy
38%
Iran
38%
Kolumbia
38%
Litwa
38%
Meksyk
38%
Peru
38%
Rumunia
38%
Słowacja
38%
Węgry
38%
Chorwacja
31%
Armenia
23%
Bośnia i Hercegowina
23%
Gruzja
23%
Indonezja
23%
Macedonia Północna
23%
Słowenia
23%

Rozkład punktacji

Percentyl według liczby udzielonych odpowiedzi

Procent ludzi z każdym wynikiem

Twoja historia wyników

Nie rozwiązałeś tego quizu